000 013610000a22003250004500
001 20774
003 CO-MdFUSB
005 20180622170415.0
008 160830t1997 xxu||||g |||| 00| 0 eng d
020 _a978-1-56548-084-1
040 _aCO-MdFUSB
_bEspañol
_cCO-MdFUSB
_dCO-MdFUSB
041 _aeng
082 _224
_aG 270.092
_bAU923c
100 0 _aAgustín
_dc.a. 354 d.C. - 430 d.C.
245 1 4 _aThe confessions
_b: The works of Saint Augustine, a translation for the 21st century
_c/ traducido por Maria Boulding
264 _aHyde Park, New York :
_bNew City Press,
_c2008
300 _a416 páginas
336 _2rdacontent
_a1
_ba1
337 _2rdamedia
_a2
_b5
338 _2rdacarrier
_a2
_b5
490 0 4 _aThe works of Saint Augustine
500 _aRústico
501 _aInfancia y niñez -- Adolescencia -- Los años como estudiante en Cartago -- Agustín el maniqueo -- Fausto en Cartago, Agustín en Roma y Milán -- Milán, 385 - El neoplatonismo libera la mente de Agustín -- Conversión -- La muerte y el renacimiento -- Memoria -- El tiempo y la eternidad -- Cielo y tierra -- Los días de la creación, la profecía de la iglesia
653 _aBiografía
653 _aVida de san Agustin
700 _9307
_aBoulding, Maria
_etraductor
720 _aJohn E. Rotelle
_eEditor
942 _cBK
999 _c47125
_d47125